STN EN ISO 10579: 2014 (01 3245), Geometrické špecifikácie výrobkov (GPS). Kótovanie a tolerovanie. Poddajné súčiastky (ISO 10579: 2010, vrátane Cor. 1: 2011)

Táto norma je slovenskou verziou európskej normy EN ISO 10579: 2013. Preklad zabezpečil Slovenský ústav technickej normalizácie. Má rovnaké postavenie ako majú oficiálne verzie

Podrobná bibliografia
Korporatívny autor: Vedeckotechnická spoločnosť pri Žilinskej univerzite (Žilina, Slovensko) (Prekladateľ)
Ďalší autori: Bronček, Jozef, 1961- (Prekladateľ)
Médium: Kniha
Jazyk:slovenčina
angličtina
Fyzický popis:12 s. obr., tab. 30 cm
Vydavateľské údaje: Bratislava Úrad pre normalizáciu, metrológiu a skúšobníctvo SR 2014
Predmet:

MARC

LEADER 00000cam a2200000 a 4500
001 vtls010582813
003 SK-MaSNL
005 20260301174801.0
008 160429s2014 xo a f u 000 0 slo
015 |a SNBN2014 
020 |c (cen. skup. 3) 
040 |a SNK  |b slo  |c SNK  |e AACR2 
041 1 |a slo  |h eng 
044 |a xo  |c SK 
046 |a s  |m 201403 (účin.) 
072 7 |a 006  |x Metrológia. Štandardizácia  |2 konspekt 
072 7 |a 62  |x Technika všeobecne  |2 konspekt 
080 |a 006.78  |2 2001 
080 |a 006.7/.8  |2 2001 
080 |a (437.6)  |2 2001 
080 |a (4)  |2 2001 
080 |a (083)  |2 2001 
080 |a 621.71  |2 2001 
084 |a 01.100.20  |2 ICS 
130 0 |a STN 01 3245 (STN EN ISO 10579)  |9 547727 
245 1 0 |a STN EN ISO 10579: 2014 (01 3245), Geometrické špecifikácie výrobkov (GPS). Kótovanie a tolerovanie. Poddajné súčiastky (ISO 10579: 2010, vrátane Cor. 1: 2011) 
246 1 0 |a Geometrické špecifikácie výrobkov (GPS) 
246 1 0 |a Kótovanie a tolerovanie 
246 3 0 |a EN ISO 10579: 2013 SK 
246 3 0 |a ISO 10579: 2010, vrátane Cor. 1: 2011 
246 1 0 |a Poddajné súčiastky 
260 |a Bratislava  |b Úrad pre normalizáciu, metrológiu a skúšobníctvo SR  |c 2014 
300 |a 12 s.  |b obr., tab.  |c 30 cm 
500 |a Súbežný názov v angličtine, francúzštine, nemčine 
500 |a Spracovateľ: Vedecko-technická spoločnosť pri Žilinskej univerzite Žilina, Jozef Bronček 
500 |a Táto norma nahrádza anglickú verziu STN EN ISO 10579 z januára 2014, ktorá od 1.1.2014 nahradila STN ISO 10579 z decembra 1997 v celom rozsahu 
504 |a Citované normy, súvisiace právne predpisy s. 2 ; literatúra s. 10 
520 8 |a Táto norma je slovenskou verziou európskej normy EN ISO 10579: 2013. Preklad zabezpečil Slovenský ústav technickej normalizácie. Má rovnaké postavenie ako majú oficiálne verzie 
540 |a STN vydané na akomkoľvek nosiči sa môžu rozmnožovať a rozširovať iba so súhlasom určenej právnickej osoby  |b SÚTN Bratislava  |c zákon 264/1999 Z. z. 
650 0 7 |a geometrická špecifikácia produktov  |2 SNKPH  |9 125433 
650 0 7 |a technické normy a štandardy  |z Slovensko  |2 SNKPH  |9 79594 
650 0 7 |a technické normy a štandardy  |z krajiny Európskej únie  |2 SNKPH  |9 289341 
650 0 7 |a Geometrical product specification  |2 SNKPHeng  |9 327755 
650 0 7 |a tolerancia rozmerov  |2 SNKPH  |9 123604 
650 0 7 |a Dimensional tolerance  |2 SNKPHeng  |9 321680 
650 0 7 |a kótovanie  |2 SNKPH  |9 74986 
650 0 7 |a Dimensioning  |2 SNKPHeng  |9 547728 
655 7 |a normy  |2 SNKPH  |9 70643 
700 1 |a Bronček, Jozef,  |d 1961-  |4 trl  |9 193563 
710 1 |a Slovensko.  |b Úrad pre normalizáciu, metrológiu a skúšobníctvo  |4 stn  |9 158117 
710 2 |a Slovenský ústav technickej normalizácie (Bratislava, Slovensko).  |b Technická komisia č. 62 Technická dokumentácia a geometrické špecifikácie výrobkov  |4 stn  |9 336159 
710 2 |a Vedeckotechnická spoločnosť pri Žilinskej univerzite (Žilina, Slovensko)  |4 trl  |9 124268 
852 |a Štátna vedecká knižnica v Banskej Bystrici 
958 |a OP 
958 |a NB 
999 |c 840639  |d 842569 
952 |a SNK  |b SNK  |y PREZ  |7 0  |p 17A1109720  |o snkSTN EN ISO 10579  |i snk2014/10882  |8 0  |0 0  |1 0  |4 0  |d 2014-05-07  |l 0  |r 2026-02-24 04:09:25  |w 2026-02-24 
952 |a SNK  |b SNK  |y PREZ  |7 0  |p 17A1109719  |o snkSTN EN ISO 10579 D1  |i snk2014/10883  |8 0  |0 0  |1 0  |4 0  |d 2014-05-07  |l 0  |r 2026-02-24 04:09:25  |w 2026-02-24